Nonlinear and Constrained Control : Applications, Synergies, Challenges and Opportunities /

Enregistré dans:
Détails bibliographiques
Autres auteurs: Garone, Emanuele (Éditeur intellectuel), Kolmanovsky, Ilya (Éditeur intellectuel), Nguyen, Tam W. (Éditeur intellectuel)
Format: Livre
Langue:anglais
Publié: Cham Springer Nature 2025
Édition:1. vyd.
Collection:Lecture Notes in Control and Information Sciences Vol. 496
Tags: Ajouter un tag
Pas de tags, Soyez le premier à ajouter un tag!

MARC

LEADER 00000nam a22000003a 4500
001 0116906
003 SK-STU
005 20250901153746.8
007 ta
008 250901s ----xo-----e------000-0-----d
020 |a 978-3-031-82680-1 
020 |a 978-3-031-82681-8 eBook 
022 |a 0170-8643 
022 |a 1610-7411 electronic 
040 |a STU  |b slo 
041 0 |a eng 
100 1 |a Garone, Emanuele  |4 edt 
245 1 0 |a Nonlinear and Constrained Control :  |b Applications, Synergies, Challenges and Opportunities /  |c ed. Emanuele Garone ; ed. Ilya Kolmanovsky, Tam W Nguyen 
250 |a 1. vyd. 
260 |a Cham  |b Springer Nature  |c 2025 
300 |a 505 s. 
490 1 |a Lecture Notes in Control and Information Sciences  |v Vol. 496 
700 1 |a Kolmanovsky, Ilya  |4 edt 
700 1 |a Nguyen, Tam W.  |4 edt 
996 |b 9783031826801  |c J* 119676  |l JJSK  |s A  |a 24  |w 0116906_0001